[Event "BCF-chT4S 1819 (4NCL)"]
[Site "England"]
[Date "2018.11.17"]
[Round "1.99"]
[White "Krawczuk, Michael J"]
[Black "Kitchen, Peter J"]
[Result "1-0"]
[WhiteElo "1820"]
[BlackElo "1915"]
[PlyCount "63"]
[EventDate "2018.11.17"]
[EventType "team-swiss"]
[EventRounds "11"]
[EventCountry "ENG"]
[SourceTitle "EXT 2021"]
[Source "ChessBase"]
[SourceDate "2020.10.23"]
[SourceVersion "1"]
[SourceVersionDate "2020.10.23"]
[SourceQuality "1"]
[WhiteTeam "Wessex III"]
[BlackTeam "Celtic Tigers II"]
[WhiteTeamCountry "ENG"]
[BlackTeamCountry "ENG"]

1. e4 e6 2. d4 d5 3. Nd2 Nc6 4. c3 e5 5. dxe5 Nxe5 6. Ngf3 Bg4 7. Qa4+ Bd7 8. Qc2 Nxf3+ 9. Nxf3 Nf6 10. e5 Ne4 11. Bd3 f5 12. exf6 Nxf6 13. 0-0 Bd6 14. Re1+ Kf7 15. Bg5 g6 16. Qb3 Bc6 17. c4 Be7 18. Rad1 Kg7 19. cxd5 Nxd5 20. Bxe7 Nxe7 21. Qc3+ Kh6 22. Bxg6 Qf8 23. Be4 Rg8 24. Qe3+ Kg7 25. Ng5 Qf6 26. Nxh7 Qxb2 27. Qg5+ Kf7 28. Bd5+ Nxd5 29. Qh5+ Kg7 30. Rxd5 Rad8 31. Re7+ Kh8 32. Nf6# 1-0

[Event "BCF-chT3 1415 (4NCL)"]
[Site "England"]
[Date "2015.05.03"]
[Round "10.14"]
[White "Kitchen, Peter J"]
[Black "Howell, Oliver W"]
[Result "1/2-1/2"]
[WhiteElo "1682"]
[BlackElo "1660"]
[PlyCount "40"]
[EventDate "2015.03.21"]
[EventType "team-swiss"]
[EventRounds "11"]
[EventCountry "ENG"]
[SourceTitle "EXT 2016"]
[Source "ChessBase"]
[SourceDate "2015.10.08"]
[SourceVersion "1"]
[SourceVersionDate "2015.10.08"]
[SourceQuality "1"]
[WhiteTeam "Celtic Tigers II"]
[BlackTeam "Sussex Martlets II"]
[WhiteTeamCountry "ENG"]
[BlackTeamCountry "ENG"]

1. Nf3 Nf6 2. d4 e6 3. c4 c5 4. g3 cxd4 5. Nxd4 Bb4+ 6. Bd2 Qb6 7. Bxb4 Qxb4+ 8. Qd2 Qxc4 9. Bg2 Nc6 10. e3 Nxd4 11. Na3 Nc2+ 12. Nxc2 Ne4 13. Qd4 Qxd4 14. Nxd4 Nc5 15. Nb5 0-0 16. Nd6 Rb8 17. Kd2 b6 18. Rhc1 Bb7 19. Nxb7 Nxb7 20. Rc7 d5 1/2-1/2

[Event "BCF-chT3 1011 (4NCL)"]
[Site "England"]
[Date "2011.05.02"]
[Round "11.46"]
[White "Kitchen, Peter J"]
[Black "Ludbrook, Matthew"]
[Result "0-1"]
[WhiteElo "1866"]
[BlackElo "1998"]
[PlyCount "62"]
[EventDate "2010.11.06"]
[EventType "team-swiss"]
[EventRounds "9"]
[EventCountry "ENG"]
[SourceTitle "EXT 2012"]
[Source "ChessBase"]
[SourceDate "2011.11.24"]
[SourceVersion "1"]
[SourceVersionDate "2011.11.24"]
[SourceQuality "1"]
[WhiteTeam "Celtic Tigers II"]
[BlackTeam "Oxford III"]
[WhiteTeamCountry "ENG"]
[BlackTeamCountry "ENG"]

1. e4 e6 2. d4 d5 3. Nd2 c5 4. exd5 exd5 5. Ngf3 Nc6 6. Bb5 Bd6 7. dxc5 Bxc5 8. Nb3 Bb6 9. 0-0 Nge7 10. Re1 0-0 11. Bd3 Qd6 12. Bg5 Ng6 13. c3 Bg4 14. h3 Be6 15. Bxg6 hxg6 16. Nbd4 Rae8 17. Bh4 Bf5 18. Qd2 f6 19. Nxf5 gxf5 20. Bg3 Qxg3 21. Qxd5+ Kh8 22. Rxe8 Qxf2+ 23. Kh1 Rxe8 24. Qxf5 Qc5 25. Qg6 Re2 26. Rd1 Qe7 27. Rd5 Re1+ 28. Nxe1 Qxe1+ 29. Kh2 Bg1+ 30. Kh1 Bf2+ 31. Kh2 Qg1# 0-1

[Event "BCF-chT3 1011 (4NCL)"]
[Site "England"]
[Date "2011.02.19"]
[Round "5.45"]
[White "Kitchen, Peter J"]
[Black "Perez Carballo, Manuel"]
[Result "0-1"]
[WhiteElo "1866"]
[BlackElo "2160"]
[PlyCount "66"]
[EventDate "2010.11.06"]
[EventType "team-swiss"]
[EventRounds "9"]
[EventCountry "ENG"]
[SourceTitle "EXT 2012"]
[Source "ChessBase"]
[SourceDate "2011.11.24"]
[SourceVersion "1"]
[SourceVersionDate "2011.11.24"]
[SourceQuality "1"]
[WhiteTeam "Celtic Tigers II"]
[BlackTeam "Metropolitan"]
[WhiteTeamCountry "ENG"]
[BlackTeamCountry "ENG"]

1. e4 c5 2. Nf3 e6 3. d4 cxd4 4. Nxd4 Nc6 5. Be3 a6 6. Be2 Qc7 7. 0-0 Nf6 8. Nc3 b5 9. Nxc6 dxc6 10. Qd3 Be7 11. f4 0-0 12. Bf3 Rd8 13. Qe2 Bb7 14. g4 c5 15. g5 Nd7 16. Kh1 Bc6 17. h4 b4 18. Nd1 Bb5 19. Qf2 Bxf1 20. Qxf1 c4 21. Qg2 Bc5 22. e5 Ra7 23. h5 Nb6 24. Be4 g6 25. Qh3 Nd5 26. hxg6 hxg6 27. Bxd5 Rxd5 28. Nf2 Bxe3 29. Ng4 Qc6 30. Nf6+ Kf8 31. Qh8+ Ke7 32. Ng8+ Kd7 33. Nf6+ Kc7 0-1

[Event "BCF-chT3 0910 (4NCL)"]
[Site "England"]
[Date "2010.01.17"]
[Round "4.4"]
[White "Homer, Neil S"]
[Black "Kitchen, Peter J"]
[Result "0-1"]
[WhiteElo "1754"]
[BlackElo "1930"]
[PlyCount "132"]
[EventDate "2009.10.24"]
[EventType "team-tourn"]
[EventRounds "11"]
[EventCountry "ENG"]
[SourceTitle "EXT 2011"]
[Source "ChessBase"]
[SourceDate "2010.11.26"]
[SourceVersion "1"]
[SourceVersionDate "2010.11.26"]
[SourceQuality "1"]
[WhiteTeam "e2e4.org.uk III"]
[BlackTeam "Celtic Tigers II"]
[WhiteTeamCountry "ENG"]
[BlackTeamCountry "ENG"]

1. Nf3 d5 2. d4 Nf6 3. c4 e6 4. Nc3 Be7 5. Bg5 h6 6. Bxf6 Bxf6 7. e3 0-0 8. Bd3 dxc4 9. Bxc4 b6 10. 0-0 Bb7 11. Be2 Nd7 12. Rc1 c5 13. dxc5 Nxc5 14. b4 Na6 15. Qa4 Qe8 16. Bb5 Qc8 17. Ne4 Nc7 18. Nxf6+ gxf6 19. Bc6 Bxc6 20. Rxc6 Qe8 21. b5 Nd5 22. Rfc1 Qe7 23. Qg4+ Kh7 24. Nd4 Rg8 25. Qf3 Rg6 26. e4 Rag8 27. exd5 Rxg2+ 28. Qxg2 Rxg2+ 29. Kxg2 exd5 30. Nf3 Kg7 31. Rc7 Qe4 32. h3 Qg6+ 33. Kh2 Qf5 34. Rg1+ Kf8 35. Rxa7 Qxf3 36. Ra8+ Ke7 37. Re1+ Kd6 38. Rd8+ Kc7 39. Rde8 Qxf2+ 40. Kh1 Qf3+ 41. Kg1 Qg3+ 42. Kf1 Qxh3+ 43. Kf2 Qh2+ 44. Kf3 Qxa2 45. Rc1+ Kd7 46. Rec8 Qb3+ 47. Kf4 Qxb5 48. Kf5 d4+ 49. Kxf6 d3 50. R8c7+ Kd6 51. Rc8 Qb2+ 52. Kxf7 d2 53. Rd8+ Ke5 54. Re8+ Kd4 55. Rd8+ Ke3 56. Rh1 Qc1 57. Rh3+ Ke2 58. Rh2+ Kd1 59. Rh1+ Kc2 60. Rh2 Qf1+ 61. Ke8 Qe1+ 62. Kf7 Kc1 63. Rc8+ Kb1 64. Rxh6 Qf2+ 65. Rf6 Qxf6+ 66. Kxf6 d1Q 0-1

[Event "BCF-chT4 0708 (4NCL)"]
[Site "England"]
[Date "2008.02.10"]
[Round "6.1"]
[White "Lewyk, Ihor"]
[Black "Kitchen, Peter J"]
[Result "1/2-1/2"]
[WhiteElo "2146"]
[BlackElo "1875"]
[PlyCount "75"]
[EventDate "2007.09.15"]
[EventType "team-swiss"]
[EventRounds "11"]
[EventCountry "ENG"]
[SourceTitle "EXT 2009"]
[Source "ChessBase"]
[SourceDate "2008.11.26"]
[SourceVersion "1"]
[SourceVersionDate "2008.11.26"]
[SourceQuality "1"]
[WhiteTeam "Wales Old Boys"]
[BlackTeam "Celtic Tigers II"]
[WhiteTeamCountry "WLS"]
[BlackTeamCountry "ENG"]

1. Nf3 d5 2. d4 e6 3. e3 Nf6 4. Bd3 Be7 5. 0-0 0-0 6. Nbd2 c5 7. c3 a6 8. Ne5 Qc7 9. f4 c4 10. Bc2 b5 11. g4 Bb7 12. Qf3 g6 13. e4 Nxe4 14. Nxe4 dxe4 15. Bxe4 Bxe4 16. Qxe4 Nd7 17. Bd2 Nf6 18. Qf3 Bd6 19. Rae1 Rae8 20. f5 exf5 21. gxf5 Bxe5 22. dxe5 Rxe5 23. fxg6 fxg6 24. Rxe5 Qxe5 25. Bh6 Rf7 26. Be3 Qe4 27. Bd4 Qxf3 28. Rxf3 Nd5 29. Kf2 Rxf3+ 30. Kxf3 Kf7 31. Ke4 Ke6 32. Be5 Ne7 33. Bf4 Nf5 34. Bc7 Kd7 35. Bf4 Ke6 36. Bc7 Kd7 37. Bf4 Ke6 38. Bc7 1/2-1/2

[Event "BCF-chT4 0708 (4NCL)"]
[Site "England"]
[Date "2007.11.25"]
[Round "4.2"]
[White "Kitchen, Peter J"]
[Black "Deswarte, Ian"]
[Result "1/2-1/2"]
[WhiteElo "1875"]
[BlackElo "1935"]
[PlyCount "100"]
[EventDate "2007.09.15"]
[EventType "team-swiss"]
[EventRounds "11"]
[EventCountry "ENG"]
[SourceTitle "EXT 2009"]
[Source "ChessBase"]
[SourceDate "2008.11.26"]
[SourceVersion "1"]
[SourceVersionDate "2008.11.26"]
[SourceQuality "1"]
[WhiteTeam "Celtic Tigers II"]
[BlackTeam "Guildford V"]
[WhiteTeamCountry "ENG"]
[BlackTeamCountry "ENG"]

1. e4 c5 2. Nf3 Nc6 3. d4 cxd4 4. Nxd4 Nf6 5. Nc3 e5 6. Ndb5 d6 7. Bg5 a6 8. Na3 b5 9. Bxf6 gxf6 10. Nd5 f5 11. exf5 Bxf5 12. c3 Bg7 13. Nc2 0-0 14. Be2 Be6 15. 0-0 f5 16. f4 e4 17. Kh1 Ra7 18. a4 bxa4 19. Rxa4 a5 20. Nce3 Qb8 21. Qc2 Rc8 22. g4 Nd4 23. Rxd4 Bxd4 24. gxf5 Bxd5 25. Nxd5 Qb7 26. Qxe4 Bc5 27. f6 Qf7 28. Ne7+ Rxe7 29. fxe7 d5 30. Qe5 Qxe7 31. Qxd5+ Qf7 32. Qg5+ Kf8 33. Bd3 Qb7+ 34. Qg2 Rb8 35. Be4 Qxb2 36. Qxb2 Rxb2 37. Ra1 Bb6 38. Bxh7 Bc7 39. Ra4 Rf2 40. h3 Rxf4 41. Rxf4+ Bxf4 42. Bc2 Be3 43. Kg2 Bd2 44. c4 Be3 45. Kf3 Ba7 46. Ke4 Bf2 47. Kd5 Be3 48. Kc6 Bf2 49. Kb5 Be3 50. Kxa5 Bf2 1/2-1/2

[Event "BCF-chT4 0607 (4NCL)"]
[Site "Sunningdale"]
[Date "2006.12.02"]
[Round "3.5"]
[White "Retallick, Lloyd"]
[Black "Kitchen, Peter J"]
[Result "1/2-1/2"]
[WhiteElo "2065"]
[BlackElo "1860"]
[PlyCount "57"]
[EventDate "2006.09.16"]
[EventType "team"]
[EventRounds "11"]
[EventCountry "ENG"]
[SourceTitle "EXT 2008"]
[Source "ChessBase"]
[SourceDate "2007.11.25"]
[SourceVersion "1"]
[SourceVersionDate "2007.11.25"]
[SourceQuality "1"]
[WhiteTeam "Poisoned Pawns II"]
[BlackTeam "Celtic Tigers"]
[WhiteTeamCountry "ENG"]
[BlackTeamCountry "ENG"]

1. d4 e6 2. c4 d5 3. Nc3 Nf6 4. cxd5 exd5 5. Bg5 Be7 6. e3 0-0 7. Bd3 c6 8. Qc2 Nbd7 9. Nf3 Re8 10. 0-0 Nf8 11. Rab1 a5 12. a3 g6 13. b4 axb4 14. axb4 Ne6 15. Bxf6 Bxf6 16. Rfc1 Qd6 17. Na4 Bd7 18. Nc5 Qc7 19. b5 Nxc5 20. Qxc5 Be7 21. Qxd5 Be6 22. Qe5 Bd6 23. Qg5 Ba2 24. b6 Qd8 25. Ra1 Qxb6 26. Qh4 Ra5 27. Ne5 Bxe5 28. dxe5 Raxe5 29. Qf4 1/2-1/2

[Event "BCF-chT4 0506 (4NCL)"]
[Site "West Bromwich"]
[Date "2006.02.12"]
[Round "6.5"]
[White "Hadi, Justin"]
[Black "Kitchen, Peter J"]
[Result "0-1"]
[WhiteElo "1895"]
[BlackElo "1716"]
[PlyCount "86"]
[EventDate "2005.11.05"]
[EventType "team"]
[EventRounds "11"]
[EventCountry "ENG"]
[SourceTitle "CBM 109 Extra"]
[Source "ChessBase"]
[SourceDate "2006.01.03"]
[SourceVersion "2"]
[SourceVersionDate "2006.01.03"]
[SourceQuality "1"]
[WhiteTeam "Oxford III"]
[BlackTeam "Celtic Tigers"]
[WhiteTeamCountry "ENG"]
[BlackTeamCountry "ENG"]

1. d4 e6 2. Nf3 d5 3. e3 Nf6 4. Bd3 Be7 5. 0-0 0-0 6. Nbd2 c5 7. b3 Nc6 8. a3 a6 9. Bb2 b5 10. Ne5 Bb7 11. dxc5 Nxe5 12. Bxe5 Bxc5 13. Nf3 Bd6 14. a4 Bxe5 15. Nxe5 Qd6 16. f4 Qc5 17. Qf3 Rfd8 18. Qh3 d4 19. Ng4 Ne4 20. Rf3 f5 21. Ne5 Nf6 22. Rg3 Be4 23. Qh6 Qe7 24. Bxe4 Nxe4 25. Rxg7+ Qxg7 26. Qxe6+ Kf8 27. Qxf5+ Nf6 28. e4 Rac8 29. g4 Ke8 30. g5 Nd7 31. Qe6+ Qe7 32. Qg8+ Qf8 33. Qe6+ Qe7 34. Qg8+ Nf8 35. axb5 axb5 36. Ra6 d3 37. f5 d2 38. Re6 d1Q+ 39. Kg2 Rd2+ 40. Kg3 Qg1+ 41. Kf4 Qxh2+ 42. Kg4 Rg2+ 43. Kf3 Qg3# 0-1

[Event "BCF-chT4 0506 (4NCL)"]
[Site "West Bromwich"]
[Date "2005.11.05"]
[Round "1.5"]
[White "Morris, Graham P"]
[Black "Kitchen, Peter J"]
[Result "1/2-1/2"]
[WhiteElo "2025"]
[BlackElo "1716"]
[PlyCount "52"]
[EventDate "2005.11.05"]
[EventType "team"]
[EventRounds "11"]
[EventCountry "ENG"]
[SourceTitle "CBM 109 Extra"]
[Source "ChessBase"]
[SourceDate "2006.01.03"]
[SourceVersion "2"]
[SourceVersionDate "2006.01.03"]
[SourceQuality "1"]
[WhiteTeam "Oxford II"]
[BlackTeam "Celtic Tigers"]
[WhiteTeamCountry "ENG"]
[BlackTeamCountry "ENG"]

1. e4 e6 2. d3 d5 3. Nd2 dxe4 4. dxe4 Nf6 5. Ngf3 Be7 6. Bc4 0-0 7. 0-0 Nc6 8. c3 Ng4 9. Qc2 Nge5 10. Nxe5 Nxe5 11. Be2 b6 12. f4 Nd7 13. Nf3 Bb7 14. Rd1 Qc8 15. Be3 Nc5 16. Bxc5 Bxc5+ 17. Kh1 Rd8 18. Nd4 Bxd4 19. cxd4 c5 20. dxc5 Qxc5 21. Qxc5 bxc5 22. Bf3 Kf8 23. Kg1 Ke7 24. Kf2 Rxd1 25. Rxd1 Rd8 26. Rxd8 Kxd8 1/2-1/2